Puteri Duyung

Bibliographic Details
Main Author: Arowana
Format: Book
Published: Kuala Lumpur : Arowan Sdn Bhd
Subjects:

MARC

LEADER 00000cam a2200000 7i4500
001 0000046603
005 20040804.0
008 040804n
020 |a 983172108 
090 0 0 |a J398.2 
100 0 |a Arowana 
245 0 0 |a Puteri Duyung   |c Arowan 
260 |a Kuala Lumpur :   |b Arowan Sdn Bhd 
300 |a 16   |a col.ill ;   |c 30cm. 
650 0 0 |a Folk Literatura 
999 |a 159147   |b Buku   |c Koleksi Pinjaman Kanak-Kanak   |e Perbadanan Perpustakaan Awam Melaka